The Money Game /

Wedi'i Gadw mewn:
Manylion Llyfryddiaeth
Prif Awdur: Goodman, George (autor)
Fformat: Llyfr
Iaith:Saesneg
Cyhoeddwyd: Nueva York, EUA : Dell, 1969, c1969
Cyfres:(Dell ; 5787)
Pynciau:
Tagiau: Ychwanegu Tag
Dim Tagiau, Byddwch y cyntaf i dagio'r cofnod hwn!

MARC

LEADER 00000nam^a2200000^a^4500
001 000379553
005 20250521000000.0
009 20260310120530.637
037 |a Acervo ITESO - Biblioteca 
041 |a ING 
082 |a 332. 642  |b GOO 
100 |a Goodman, George  |e (autor) 
245 1 4 |a The Money Game /  |c G. Goodman. 
264 4 |a Nueva York, EUA :  |b Dell,  |c 1969, c1969 
300 |a 253 p. 
336 |a texto  |b txt  |2 rdacontenido 
337 |a sin mediación  |b n  |2 rdamedio 
338 |a volumen  |b nc  |2 rdasoporte 
440 1 |a (Dell ;  |v 5787) 
649 |a XX 
650 |a Bancos y Operaciones Bancarias 
650 |a Teoría de Juegos 
650 |a Mercado de Valores -  |z EUA 
650 |a Mercado de Valores -  |x Tema Principal 
650 |a Sistema Financiero 
650 |a Inversiones 
650 |a Dinero 
650 |a Riqueza 
650 |a Finanzas 
650 |a Economía Keynesiana 
650 |a Economía -  |z EUA 
650 |a Economía 
910 |a Fondo General 
920 |a Impresos - Libros 
930 |a Colección General 
905 |a 101 
901 |a 0127750100  |b IT1  |c ACC  |u 20250521 
902 |a https://opac.biblio.iteso.mx/vufind/Record/000379553